Detalles MARC
| 000 -LIDER |
| fixed length control field |
00962nam a22003255b 4500 |
| 001 - NÚMERO DE CONTROL |
| Identificador de número de control |
091266 |
| 003 - IDENTIFICACDOR DE NÚMERO DE CONTROL |
| control field |
DO-SdBNP |
| 005 - DATE AND TIME OF LATEST TRANSACTION |
| control field |
20240726102223.0 |
| 007 - CAMPOS FIJOS DE DESCRIPCIÓN FÍSICA |
| fixed length control field |
091266 |
| 008 - ELEMENTOS DE LONGITUD FIJA |
| fixed length control field |
910419r1992 sp spa |
| 017 ## - NÚMERO DE REGISTRO DE DERECHOS DE AUTOR |
| Copyright or legal deposit number |
|
| Assigning agency |
|
| 020 ## - ISBN |
| International Standard Book Number |
8424177037 |
| 035 ## - NÚMERO LOCAL |
| System control number |
|
| 040 ## - FUENTE DE CATALOGACIÓN |
| Agencia que crea de manera original el registro |
BPMSU |
| Idioma de catalogación |
spa |
| Agencia que realiza la transcripción |
BPMSU |
| Convenciones de la despripción |
|
| 082 #4 - NÚMERO DE CLASIFICACIÓN DECIMAL DE DEWEY |
| Classification number |
862.6 |
| Item number |
C235o 1998 |
| Edition number |
22 |
| 100 1# - ASIENTO PRINCIPAL -- NOMBRE PERSONAL |
| Nombre personal |
Cañas Torregrosa, José |
| Fechas asociadas con el nombre |
1916-2000 |
| 245 10 - MENCIÓN DE TITULO |
| Título |
Ojos de botella de anís / |
| Mención de responsabilidad |
José Cañas Torregrosa ; ilustraciones Violeta Monreal. |
| Medio (Designación general de material) |
|
| 260 ## - PUBLICACIÓN, DISTRIBUCIÓN, ETC. (PIE DE IMPRENTA) |
| Lugar de publicación, distribución, etc |
León (España) : |
| Nombre del editor, distribuidor, etc. |
Editorial Everest, |
| Fecha de publicación, distribución, etc |
1998 |
| 300 ## - DESCRIPCIÓN FÍSICA |
| Extensión |
70 p. ; |
| Dimensiones |
21 cm |
| 490 0# - MENCIÓN DE SERIES |
| Mención de serie |
Montaña Encantada |
| Volume/sequential designation |
|
| 503 ## - BIBLIOGRAPHIC HISTORY NOTE (BK CF MU) [OBSOLETE] |
| Bibliographic history note |
|
| 521 ## - TARGET AUDIENCE NOTE |
| Target audience note |
A partir de 8 años. |
| 590 ## - NOTA LOCAL |
| Texto de la nota local |
Inventariado, 2024/VM |
| 650 #4 - ENCABEZAMIENTO DE MATERIA--TEMÁTICO |
| Término temático o nombre geográfico como elemento de entrada |
Teatro español |
| 650 #4 - ENCABEZAMIENTO DE MATERIA--TEMÁTICO |
| Término temático o nombre geográfico como elemento de entrada |
Teatro escolar e infantil español. |
| 650 #4 - ENCABEZAMIENTO DE MATERIA--TEMÁTICO |
| Término temático o nombre geográfico como elemento de entrada |
Espantapájaros |
| Mención de responsabilidad |
Teatro. |
| 700 1# - ASIENTO SECUNDARIO -- NOMBRE PERSONAL |
| Nombre personal |
Monreal, Violeta |
| Mención de responsabilidad |
ilustración |
| 910 ## - VALIDACIÓN |
| Validación |
VMateo V. Cotnrol de calidad BPMSU |
| 942 ## - ADDED ENTRY ELEMENTS (KOHA) |
| Source of classification or shelving scheme |
Dewey Decimal Classification |
| Koha item type |
Libros |